000 00777nam a2200241Ia 4500
003 OSt
005 20220925224013.0
006 a|||||r|||| 00| 0
007 ta
008 220923b |||||||| |||| 00| 0 eng d
020 _a9781138121225
_c9496.20
037 _b3562, 28/02/2018, The Bookseller
_cGeneral Book
040 _aRTL
_cRTL
_beng
041 _2eng
_aeng
082 _aX0aW, Q7
100 _aWESTRA Richard
_9269525
245 0 _aPolitical economy of energy markets
_b Varities of BRICS in the age of global crises and austerity
260 _aLondon
_bRoutledge
_c2017
300 _axiv,223p
_ccm.
650 _aEconomics
942 _hX0aW, Q7
_cGB
_2CC
999 _c580789
_d580789